Die Pfefferkörner - 6. Generation - Statistiken

Allgemein
  • Dieses Quiz wurde 89 mal gespielt
  • Das Durchschnittsergebnis liegt bei 4 aus 5
Antwortstatistiken
Bildquiz Antwort % Korrekt
Max Paulsen
98%
Nina Pellicano
98%
Feline (Fee)
88%
Jessica "Jessi" Amsinck
82%
Luis de Lima Santos
77%
Keine übereinstimmenden Quizze gefunden
Verteilung der Resultate
Anzahl Personen mit jedem Resultat
Perzentil nach korrekt beantworteten Fragen
Ihre Resultats-Entwicklung
Sie haben dieses Quiz noch nicht gespielt